Prípadová štúdia zavedenia manažmentu IT služieb

Saved in:
Bibliographic Details
Main Author: Krausko, Ján (Author)
Other Authors: Pecho, Martin (Thesis advisor)
Format: Manuscript Book
Language:Slovak
Published: STU v Bratislave FIIT, 2008
Subjects:
Tags: Add Tag
No Tags, Be the first to tag this record!

MARC

LEADER 00000ntm a22000003a 4500
001 stu166320
005 20180413111549.4
008 080703s2008----xo------------------slo-d
040 |a STU  |b slo 
041 0 |a slo 
044 |a xo 
100 1 |a Krausko, Ján  |4 aut 
245 1 |a Prípadová štúdia zavedenia manažmentu IT služieb 
260 |b STU v Bratislave FIIT,  |c 2008 
300 |a 98 s  |c príl. 
650 7 |a softvérové inžinierstvo  |2 stusub 
700 1 |a Pecho, Martin  |4 ths 
996 |c I*DP34/08  |l II680  |s P  |a 0  |w stu166320_0001